|
|
|
|
| LEADER |
00000nam0a2200000 4500 |
| 001 |
167544 |
| 005 |
20231031162825.0 |
| 010 |
|
|
|a 5211001818
|
| 020 |
|
|
|a RU
|b 89-19026
|
| 035 |
|
|
|a (RuTPU)RU\TPU\book\181766
|
| 090 |
|
|
|a 167544
|
| 100 |
|
|
|a 20091016d1989 m y0rusy5003 ca
|
| 101 |
1 |
|
|a rus
|c eng
|
| 102 |
|
|
|a RU
|
| 105 |
|
|
|a ac z 001ay
|
| 200 |
1 |
|
|a Английская лирика первой половины XVII века
|f сост., авт. предисл. и коммент., общ ред. А. Н. Горбунов
|
| 210 |
|
|
|a Москва
|c Изд-во МГУ
|d 1989
|
| 215 |
|
|
|a 346,[1] с.
|c портр., ил.
|d 22 см
|
| 225 |
1 |
|
|a Университетская библиотека
|
| 320 |
|
|
|a Библиогр. в примеч.: с. 291-341
|
| 464 |
|
|
|a Марвелл, Эндрю
|
| 610 |
1 |
|
|a лирика
|
| 610 |
1 |
|
|a английская поэзия
|
| 610 |
1 |
|
|a 17 век
|
| 675 |
|
|
|a 82
|z rus
|
| 702 |
|
1 |
|a Горбунов
|b А. Н.
|4 220
|
| 801 |
|
0 |
|a RU
|b RuMRKP
|c 19950417
|g psbo
|
| 801 |
|
1 |
|a RU
|b 63413507
|c 20091016
|
| 801 |
|
2 |
|a RU
|b 63413507
|c 20100519
|g RCR
|
| 942 |
|
|
|c BK
|